2012 forecast (Record no. 113186)
[ view plain ]
| 000 -LEADER | |
|---|---|
| fixed length control field | 01331cad a22002295a 4500 |
| 001 - CONTROL NUMBER | |
| control field | L154838 |
| 008 - FIXED-LENGTH DATA ELEMENTS--GENERAL INFORMATION | |
| fixed length control field | 120123s2012 xxkbdo f s 000 0 eng d |
| 035 ## - SYSTEM CONTROL NUMBER | |
| System control number | (Sirsi) u154838 |
| 041 0# - LANGUAGE CODE | |
| Language code of text/sound track or separate title | eng |
| 110 2# - MAIN ENTRY--CORPORATE NAME | |
| Corporate name or jurisdiction name as entry element | Grubb & Ellis |
| 9 (RLIN) | 5905 |
| 245 00 - TITLE STATEMENT | |
| Title | 2012 forecast |
| Medium | [electronic resource] |
| 260 ## - PUBLICATION, DISTRIBUTION, ETC. | |
| Place of publication, distribution, etc. | [S.l] |
| Name of publisher, distributor, etc. | Grubb & Ellis |
| Date of publication, distribution, etc. | 2012 |
| 490 #0 - SERIES STATEMENT | |
| Series statement | Grubb & Ellis Real Estate Forecast |
| Volume/sequential designation | 2012 |
| 505 2# - FORMATTED CONTENTS NOTE | |
| Formatted contents note | National 0verview. Key property types: Office -- Industrial -- Retail -- Investment. Selected specialties: Multi housing -- Senior housing -- Healthcare properties -- Hospitality -- Land -- Logistics -- Data Centers -- Self storage -- Clean energy -- Technology -- Education -- Law firms -- Religious properties -- Financial services asset management -- Debt and equity finance -- Corporate finance -- Restructuring -- Valuation. Additional information: Research -- Company profile -- Office directory. |
| 520 ## - SUMMARY, ETC. | |
| Summary, etc. | Forecasts US real estate performance for 2012 providing a national overview and analyses of the main sectoral and speciality markets. |
| 590 ## - LOCAL NOTE (RLIN) | |
| Local note | KA NTK |
| 651 #4 - SUBJECT ADDED ENTRY--GEOGRAPHIC NAME | |
| Geographic name | United States |
| Chronological subdivision | 1959- |
| 690 ## - LOCAL SUBJECT ADDED ENTRY--TOPICAL TERM (OCLC, RLIN) | |
| Topical term or geographic name as entry element | Commercial property |
| 9 (RLIN) | 6227 |
| 690 ## - LOCAL SUBJECT ADDED ENTRY--TOPICAL TERM (OCLC, RLIN) | |
| Topical term or geographic name as entry element | Residential property |
| 9 (RLIN) | 6266 |
| 856 40 - ELECTRONIC LOCATION AND ACCESS | |
| Uniform Resource Identifier | <a href="https://www.grubb-ellis.com/Forecast2012/index.html#">https://www.grubb-ellis.com/Forecast2012/index.html#</a> |
| Public note | View the forecast free of charge at www.grubb-ellis.com |
| 942 ## - ADDED ENTRY ELEMENTS (KOHA) | |
| Suppress in OPAC | 0 |
| Withdrawn status | Lost status | Source of classification or shelving scheme | Damaged status | Not for loan | Home library | Current library | Shelving location | Date acquired | Total Checkouts | Full call number | Barcode | Date last seen | Copy number | Price effective from | Koha item type |
|---|---|---|---|---|---|---|---|---|---|---|---|---|---|---|---|
| Dewey Decimal Classification | Virtual | Virtual | Online | 23/01/2012 | ONLINE PUBLICATION | 154838-2001 | 06/08/2019 | 1 | 06/08/2019 | Book |